Where in the World Is ... Quiz Stats

 Plays Quiz Updated Oct 15, 2019

Score 0/36 Timer 06:00
4 Plays Today
City % Correct
the ColosseumRome, Italy
90.8%
the AcropolisAthens, Greece
83.3%
the Mona Lisa (painting)Paris, France (Louvre)
82.6%
the KremlinMoscow, Russia
75.3%
Tower BridgeLondon, United Kingdom
65.8%
Estadio Azteca (Aztec Stadium)Mexico City, Mexico
62.1%
Christ the Redeemer (statue)Rio de Janeiro, Brazil (On Corcovado mountain)
55.5%
the Trevi FountainRome, Italy
53.1%
Elvis Presley's grave (alleged)Memphis, United States (Graceland)
52.6%
the CN TowerToronto, Canada
51.5%
the Rosetta StoneLondon, United Kingdom (British Museum)
47.9%
Grauman’s Chinese TheaterLos Angeles (Hollywood), United States
46.3%
the Anne Frank House and MuseumAmsterdam, Netherlands
46.3%
the Rock and Roll Hall of FameCleveland, United States
45.7%
Jim Morrison's graveParis, France (Père Lachaise Cemetery)
44%
Heineken HeadquartersAmsterdam, Netherlands
42.1%
the International Criminal CourtThe Hague, Netherlands
40.5%
The Birth of Venus (painting)Florence, Italy (Uffizi Gallery)
37.2%
City % Correct
Edo CastleTokyo, Japan
34.6%
Ludwig Van Beethoven's graveVienna, Austria (Zentralfriedhof)
33.2%
Yad Vashem (museum)Jerusalem, Israel
32%
McGill UniversityMontreal, Canada
31.5%
the Petronas TowersKuala Lumpur, Malaysia
29.9%
St. Mark's (San Marco) CathedralVenice, Italy
29%
the Hope Diamond (blue diamond)Washington DC, United States (Smithsonian National Museum of Natural History)
27.2%
the Hermitage (museum)St. Petersburg, Russia
25.6%
the Fernsehturm (most famous tower)Berlin, Germany
25%
The Last Supper (Da Vinci painting)Milan, Italy (Convent of Santa Maria delle Grazie)
23.2%
The Scream (1893 painting)Oslo, Norway (National Gallery)
21.8%
Hoa Lo prisonHanoi, Vietnam
18.2%
Tivoli GardensCopenhagen, Denmark
17.4%
Topkapı PalaceIstanbul, Turkey
11.8%
the Star of India (sapphire) New York, United States (American Museum of Natural History)
7.6%
Mosque-Madrassa of Sultan HassanCairo, Egypt
7.1%
Ananta Samakhom Throne HallBangkok, Thailand
6.6%
the Potala PalaceLhasa, China
4.8%

You're not logged in!

Compare scores with friends on all Sporcle quizzes.
OR
Log In

Sporcle TV

Today on Sporcle TV


Watch our educational content, quiz creation guides, and fun videos on Sporcle TV.

Show Comments

Extras

Top Quizzes Today


Score Distribution

Your Account Isn't Verified!

In order to create a playlist on Sporcle, you need to verify the email address you used during registration. Go to your Sporcle Settings to finish the process.

Report this User

Report this user for behavior that violates our Community Guidelines.

Details: